Una estrategia integral de desarrollo : (Registro nro. 14345)

Detalles MARC
000 -LIDER
fixed length control field 01750nam a2200385 a 4500
001 - NÚMERO DE CONTROL
Identificador de número de control 000022410
003 - IDENTIFICACDOR DE NÚMERO DE CONTROL
control field DO-SdBNP
005 - DATE AND TIME OF LATEST TRANSACTION
control field 20221124094319.0
007 - CAMPOS FIJOS DE DESCRIPCIÓN FÍSICA
fixed length control field 000022410
008 - ELEMENTOS DE LONGITUD FIJA
fixed length control field 101008s1993 dr 001 0 spa d
040 ## - FUENTE DE CATALOGACIÓN
Agencia que crea de manera original el registro BPMSU
Idioma de catalogación spa
Agencia que realiza la transcripción BPMSU
082 #4 - NÚMERO DE CLASIFICACIÓN DECIMAL DE DEWEY
Classification number 338.7293
Item number V132u 1993
Edition number 22
100 1# - ASIENTO PRINCIPAL -- NOMBRE PERSONAL
Nombre personal Vaitsos, Constantino
245 10 - MENCIÓN DE TITULO
Título Una estrategia integral de desarrollo :
Subtítulo documento preparado para el gobierno de la República Dominicana /
Mención de responsabilidad Constantino Vaitsos; presentación Miguel Bermeo Estrella, Miguel Sang Ben.
260 ## - PUBLICACIÓN, DISTRIBUCIÓN, ETC. (PIE DE IMPRENTA)
Lugar de publicación, distribución, etc Santo Domingo :
Nombre del editor, distribuidor, etc. Programa de las Naciones Unidas para el Desarrollo
Fecha de publicación, distribución, etc 1993
300 ## - DESCRIPCIÓN FÍSICA
Extensión 68 p. :
Otros detalles físicos il ;
Dimensiones 23 cm.
505 0# - NOTA DE CONTENIDO
Texto normalizado de contenido Síntesis y coclusiones principales -- Programa de estabilización iii -- Reformas estructurales iv -- Desarrollo humano xvi -- Consideraciones finales xvii -- Una estrategia integral de desarrollo -- El contexto político general y la situación económica 1 -- El programa de estabilización macroeconómica 5 -- Reformas estructurales 8 -- Desarrollo humano 41
590 ## - NOTA LOCAL
Enlace Inventariado, 2022/VM
650 #4 - ENCABEZAMIENTO DE MATERIA--TEMÁTICO
Término temático o nombre geográfico como elemento de entrada Evaluación de proyectos sociales
Subdivisión temática general Metodología.
650 #4 - ENCABEZAMIENTO DE MATERIA--TEMÁTICO
Término temático o nombre geográfico como elemento de entrada Proyectos sociales
Subdivisión temática general Metodología.
650 #4 - ENCABEZAMIENTO DE MATERIA--TEMÁTICO
Término temático o nombre geográfico como elemento de entrada Desarrollo social
651 #4 - ENCABEZAMIENTO DE MATERIA--NOMBRE GEOGRÁFICO
Nombre geográfico República Dominicana
Subdivisión temática general Condiciones económicas
651 #4 - ENCABEZAMIENTO DE MATERIA--NOMBRE GEOGRÁFICO
Nombre geográfico República Dominicana
Subdivisión temática general Condiciones sociales
700 1# - ASIENTO SECUNDARIO -- NOMBRE PERSONAL
Nombre personal Bermeo Estrella, Miguel
700 1# - ASIENTO SECUNDARIO -- NOMBRE PERSONAL
Nombre personal Mu-Kien, Adriana,
Fechas asociadas con el nombre 1955-
710 2# - ASIENTO SECUNDARIO -- NOMBRE CORPORATIVO
Nombre corporativo o de jurisdicción Programa de las Naciones Unidas para el Desarrollo
910 ## - VALIDACIÓN
Validación VMateo V./Validado
942 ## - ADDED ENTRY ELEMENTS (KOHA)
Source of classification or shelving scheme Dewey Decimal Classification
Koha item type Libros
945 ## - INFORMACIÓN DE PROCESAMIENTO LOCAL
Información de procesamiento local Inventariado / 2017 VM
956 ## - LOCAL ELECTRONIC LOCATION AND ACCESS (OCLC)
Nombre de host
Número de acceso
Información de compresión
Inicio de sesión
Procesador de solicitud
956 ## - LOCAL ELECTRONIC LOCATION AND ACCESS (OCLC)
Nombre de host
Número de acceso
Información de compresión
Inicio de sesión
Procesador de solicitud
956 ## - LOCAL ELECTRONIC LOCATION AND ACCESS (OCLC)
Nombre de host
Número de acceso
Información de compresión
Inicio de sesión
Procesador de solicitud
956 ## - LOCAL ELECTRONIC LOCATION AND ACCESS (OCLC)
Nombre de host
Número de acceso
Información de compresión
Inicio de sesión
Procesador de solicitud
956 ## - LOCAL ELECTRONIC LOCATION AND ACCESS (OCLC)
Nombre de host VMATEO
Número de acceso 10
Información de compresión 20150805
Inicio de sesión BPMSU
Procesador de solicitud 00151
Existencias
Withdrawn status Lost status Source of classification or shelving scheme Damaged status Not for loan Collection code Home library Current library Date acquired Full call number Barcode Date last seen Price effective from Koha item type
    Dewey Decimal Classification     Colección Dominicana Biblioteca Pública Metropolitana Salomé Ureña Biblioteca Pública Metropolitana Salomé Ureña 11/23/2022 BPMSU CD 338.7293 V132u 1993 BPMSU22110037 11/23/2022 11/23/2022 Libros